Seitsemän kuolemansyntiä - Statistics

Yleistilastot
  • Tätä visaa on pelattu 68 kertaa
  • Keskiarvotulos 4 / 7
Vastaustilastot
Kuolemansynti % Oikein
Ahneus
94%
Kateus
65%
Himo
54%
Viha
54%
Laiskuus
50%
Ylpeys
44%
Ylensyönti
42%
Ehtoja vastaavia visoja ei löytynyt
Tulosjakauma
Jokaisen tuloksen saaneiden osuus
Persentiili vastausten määrän mukaan
Tuloshistoriasi
Et ole pelannut tätä visaa